[Event "Titled Tuesday intern op 23rd Jan Late"]
[Site "Chess.com INT"]
[Date "2024.01.23"]
[Round "4"]
[White "Harshal, Shahi"]
[Black "Janaszak, Dawid"]
[Result "0-1"]
[WhiteElo "2146"]
[BlackElo "2308"]
[PlyCount "48"]
[EventDate "2024.01.23"]
[EventType "swiss (blitz)"]
[EventRounds "11"]
[EventCountry "USA"]
[SourceTitle "CB05_2024"]
[SourceDate "2024.01.31"]
[SourceVersion "1"]
[SourceVersionDate "2024.01.31"]
[SourceQuality "1"]

1. e4 c5 2. Nf3 Nc6 3. d4 cxd4 4. Nxd4 g6 5. Nc3 Bg7 6. Be3 Nf6 7. Bc4 0-0 8. Bb3 Re8 9. f3 e6 10. 0-0 d5 11. exd5 Nxd5 12. Nxd5 exd5 13. Bf2 Qg5 14. Kh1 Qh5 15. c3 Be5 16. f4 Bg4 17. Qd2 Bxd4 18. Bxd4 Re2 19. Qd3 Rae8 20. Qg3 Nxd4 21. cxd4 R8e3 22. Rf3 Bxf3 23. gxf3 Rxf3 24. Qxg6+ hxg6 0-1

[Event "Titled Tuesday intern op 01st Aug Late"]
[Site "Chess.com INT"]
[Date "2023.08.01"]
[Round "11"]
[White "Harshal, Shahi"]
[Black "Negron Lizarazo, Juan Sebastian"]
[Result "1-0"]
[WhiteElo "2146"]
[BlackElo "1689"]
[PlyCount "105"]
[EventDate "2023.08.01"]
[EventType "swiss (blitz)"]
[EventRounds "11"]
[EventCountry "USA"]
[SourceTitle "EXT 2024"]
[Source "ChessBase"]
[SourceDate "2023.10.10"]
[SourceVersion "1"]
[SourceVersionDate "2023.10.10"]
[SourceQuality "1"]

1. e4 c5 2. Nf3 d6 3. d4 cxd4 4. Nxd4 Nf6 5. Nc3 a6 6. Bg5 e6 7. f4 Be7 8. Qf3 Qc7 9. Bd3 Nc6 10. Nxc6 bxc6 11. 0-0 0-0 12. Kh1 Bb7 13. Qh3 h6 14. e5 dxe5 15. fxe5 Qxe5 16. Bxh6 Qh5 17. Qxh5 Nxh5 18. Be3 Nf6 19. Na4 Nd5 20. Bc5 a5 21. Bxe7 Nxe7 22. Nc5 Bc8 23. a4 Nd5 24. c3 Rb8 25. b3 Nxc3 26. Rac1 Nd5 27. Rf3 Nb4 28. Bc4 e5 29. Re1 e4 30. Rxe4 Nd5 31. Rh4 Be6 32. Re4 Nf4 33. Nxe6 Nxe6 34. Rxe6 fxe6 35. Bxe6+ Kh7 36. Rh3+ Kg6 37. Kg1 Kf6 38. Bc4 Rbd8 39. Rf3+ Kg6 40. Rg3+ Kh6 41. Rh3+ Kg6 42. Rg3+ Kf6 43. Re3 Rd1+ 44. Kf2 Kg5+ 45. Kg3 Rdf1 46. Re5+ R1f5 47. h4+ Kg6 48. Bd3 R8f6 49. Kg4 c5 50. h5+ Kh6 51. Bxf5 g5 52. Re6 Rxe6 53. Bxe6 1-0

[Event "Titled Tuesday intern op 01st Aug Late"]
[Site "Chess.com INT"]
[Date "2023.08.01"]
[Round "3"]
[White "Harshal, Shahi"]
[Black "Romero Barreto, Jaime Jose"]
[Result "1-0"]
[WhiteElo "2146"]
[BlackElo "2355"]
[PlyCount "79"]
[EventDate "2023.08.01"]
[EventType "swiss (blitz)"]
[EventRounds "11"]
[EventCountry "USA"]
[SourceTitle "EXT 2024"]
[Source "ChessBase"]
[SourceDate "2023.10.10"]
[SourceVersion "1"]
[SourceVersionDate "2023.10.10"]
[SourceQuality "1"]

1. e4 d6 2. d4 Nf6 3. Bd3 e5 4. c3 Nc6 5. d5 Ne7 6. Ne2 c6 7. c4 a6 8. a4 Bd7 9. a5 b5 10. axb6 Qxb6 11. Nbc3 cxd5 12. cxd5 Ng4 13. 0-0 f5 14. h3 Nf6 15. Be3 Qb7 16. f4 fxe4 17. Nxe4 Nexd5 18. Nxf6+ gxf6 19. Be4 Bc6 20. Rc1 Nxe3 21. Bxc6+ Qxc6 22. Rxc6 Nxd1 23. Rxd1 Kd7 24. Rdc1 Be7 25. Rc7+ Ke6 26. g4 Rhe8 27. f5+ Kf7 28. Nc3 Rab8 29. Rc2 Rb4 30. Nd5 Rd4 31. Nb6 d5 32. Rd7 Rd8 33. Ra7 Rd1+ 34. Kg2 d4 35. Nc8 Re8 36. Rcc7 e4 37. Nd6+ Kf8 38. Nxe8 Kxe8 39. Rxe7+ Kd8 40. Reb7 1-0

[Event "Titled Tuesday intern op 20th Jun Late"]
[Site "Chess.com INT"]
[Date "2023.06.20"]
[Round "5"]
[White "D'Arruda, Ricardo D"]
[Black "Harshal, Shahi"]
[Result "1-0"]
[WhiteElo "2271"]
[BlackElo "2146"]
[PlyCount "31"]
[EventDate "2023.06.20"]
[EventType "swiss (blitz)"]
[EventRounds "11"]
[EventCountry "USA"]
[SourceTitle "EXT 2024"]
[Source "ChessBase"]
[SourceDate "2023.10.10"]
[SourceVersion "1"]
[SourceVersionDate "2023.10.10"]
[SourceQuality "1"]

1. Nf3 Nf6 2. d4 d5 3. c4 c6 4. e3 Bf5 5. Nc3 e6 6. Bd3 Bg6 7. 0-0 Nbd7 8. Bxg6 hxg6 9. Qe2 Bd6 10. g3 Ng4 11. e4 dxc4 12. Qxc4 Qf6 13. Qe2 Qe5 14. dxe5 Ndxe5 15. Nxe5 Bxe5 16. Qxg4 1-0

[Event "Titled Tuesday intern op 20th Jun Late"]
[Site "Chess.com INT"]
[Date "2023.06.20"]
[Round "2"]
[White "Harshal, Shahi"]
[Black "Krishnakumar, Sriram"]
[Result "1-0"]
[WhiteElo "2146"]
[BlackElo "2187"]
[PlyCount "63"]
[EventDate "2023.06.20"]
[EventType "swiss (blitz)"]
[EventRounds "11"]
[EventCountry "USA"]
[SourceTitle "EXT 2024"]
[Source "ChessBase"]
[SourceDate "2023.10.10"]
[SourceVersion "1"]
[SourceVersionDate "2023.10.10"]
[SourceQuality "1"]

1. e4 e5 2. Nf3 Nc6 3. Bc4 Bc5 4. c3 Nf6 5. d3 d6 6. Bb3 a5 7. Nbd2 0-0 8. h3 Be6 9. Nf1 Bxb3 10. axb3 d5 11. Qe2 d4 12. Ng3 h6 13. 0-0 Kh7 14. Nh4 Ne7 15. Qf3 Ng6 16. Nhf5 dxc3 17. bxc3 Ra6 18. h4 Nf4 19. Bxf4 exf4 20. Qxf4 Qxd3 21. Nxh6 gxh6 22. Qf5+ Kh8 23. Qxc5 Rg8 24. Rad1 Qc2 25. Qe3 Ng4 26. Qd4+ f6 27. Nf5 Ne5 28. Qe3 Rg6 29. Rd8+ Kh7 30. h5 Rg5 31. Rfd1 Ng4 32. R1d7+ 1-0

[Event "Titled Tuesday intern op 20th Jun Late"]
[Site "Chess.com INT"]
[Date "2023.06.20"]
[Round "4"]
[White "Harshal, Shahi"]
[Black "Lewtak, Damian"]
[Result "0-1"]
[WhiteElo "2146"]
[BlackElo "2364"]
[PlyCount "82"]
[EventDate "2023.06.20"]
[EventType "swiss (blitz)"]
[EventRounds "11"]
[EventCountry "USA"]
[SourceTitle "EXT 2024"]
[Source "ChessBase"]
[SourceDate "2023.10.10"]
[SourceVersion "1"]
[SourceVersionDate "2023.10.10"]
[SourceQuality "1"]

1. e4 c5 2. Nf3 d6 3. b3 Nf6 4. Nc3 g6 5. Bb2 Bg7 6. Nd5 Nbd7 7. Nxf6+ Nxf6 8. Bb5+ Bd7 9. Bxd7+ Qxd7 10. e5 Ng4 11. Qe2 0-0 12. 0-0-0 a5 13. d4 cxd4 14. Rxd4 Nxe5 15. Nxe5 Qe6 16. Re4 dxe5 17. Bxe5 Bxe5 18. Rxe5 Qd6 19. h4 a4 20. h5 axb3 21. cxb3 Rxa2 22. Qxa2 Qxe5 23. hxg6 fxg6 24. f3 Rc8+ 25. Kb1 Qf5+ 26. Ka1 Rc6 27. b4+ Kg7 28. Qb2+ e5 29. Qe2 Ra6+ 30. Kb2 e4 31. fxe4 Qe5+ 32. Kb3 Qe6+ 33. Kc3 Ra3+ 34. Kd4 Qd6+ 35. Kc4 b5+ 36. Kxb5 Qa6+ 37. Kc5 Qxe2 38. Kb6 Qxe4 39. Rc1 Qxb4+ 40. Kc7 Rc3+ 41. Rxc3 Qxc3+ 0-1

[Event "Titled Tuesday intern op 20th Jun Late"]
[Site "Chess.com INT"]
[Date "2023.06.20"]
[Round "1"]
[White "Harshal, Shahi"]
[Black "Maiti, Milind"]
[Result "0-1"]
[WhiteElo "2146"]
[BlackElo "2250"]
[PlyCount "82"]
[EventDate "2023.06.20"]
[EventType "swiss (blitz)"]
[EventRounds "11"]
[EventCountry "USA"]
[SourceTitle "EXT 2024"]
[Source "ChessBase"]
[SourceDate "2023.10.10"]
[SourceVersion "1"]
[SourceVersionDate "2023.10.10"]
[SourceQuality "1"]

1. e4 c5 2. Nf3 e6 3. Nc3 Nc6 4. d4 cxd4 5. Nxd4 Qc7 6. Ndb5 Qb8 7. Be3 a6 8. Bb6 axb5 9. Nxb5 Bb4+ 10. c3 Ba5 11. Nc7+ Qxc7 12. Bxc7 Bxc7 13. Bc4 Nf6 14. Qe2 0-0 15. 0-0 d5 16. Bd3 Ne5 17. Bc2 dxe4 18. Bxe4 Nxe4 19. Qxe4 Rb8 20. f4 Ng6 21. a4 b6 22. Qc4 Bd6 23. Rad1 Bc5+ 24. Kh1 Bb7 25. b4 Be7 26. Rd7 Bd5 27. Qe2 Rfc8 28. f5 Bc4 29. Qe1 exf5 30. Rxf5 Be6 31. Rf3 Bxd7 32. h3 Bxa4 33. Re3 Bf8 34. Qg3 Ra8 35. Re1 b5 36. Qd3 Rc4 37. Ra1 Rac8 38. Qf5 Rxc3 39. Rf1 R3c7 40. Qd3 Bxb4 41. Rd1 Bxd1 0-1

[Event "Titled Tuesday intern op 20th Jun Late"]
[Site "Chess.com INT"]
[Date "2023.06.20"]
[Round "3"]
[White "Nasir, Zehn"]
[Black "Harshal, Shahi"]
[Result "0-1"]
[WhiteElo "2057"]
[BlackElo "2146"]
[PlyCount "74"]
[EventDate "2023.06.20"]
[EventType "swiss (blitz)"]
[EventRounds "11"]
[EventCountry "USA"]
[SourceTitle "EXT 2024"]
[Source "ChessBase"]
[SourceDate "2023.10.10"]
[SourceVersion "1"]
[SourceVersionDate "2023.10.10"]
[SourceQuality "1"]

1. d4 d5 2. Bf4 Nf6 3. e3 c5 4. c3 Nc6 5. Nd2 h6 6. Ngf3 Bf5 7. Qb3 Qb6 8. Be2 c4 9. Qxb6 axb6 10. 0-0 e6 11. Ne5 b5 12. a3 Nd7 13. Nxd7 Kxd7 14. Bf3 g5 15. Bg3 h5 16. e4 dxe4 17. Bxe4 h4 18. Be5 Rh6 19. Bxf5 exf5 20. h3 f4 21. Ne4 Be7 22. Bg7 Rg6 23. d5 Rxg7 24. dxc6+ bxc6 25. Rad1+ Kc7 26. Rfe1 f5 27. Nd2 g4 28. hxg4 fxg4 29. Ne4 Rh8 30. Kh2 g3+ 31. fxg3 hxg3+ 32. Kg1 Rh2 33. Kf1 f3 34. gxf3 g2+ 35. Kg1 Rh1+ 36. Kf2 Bh4+ 37. Ke2 Bxe1 0-1

[Event "Titled Tuesday intern op 10th Jan Early"]
[Site "Chess.com INT"]
[Date "2023.01.10"]
[Round "5"]
[White "Harshal, Shahi"]
[Black "Bon, Michael"]
[Result "0-1"]
[WhiteElo "2146"]
[BlackElo "2392"]
[PlyCount "68"]
[EventDate "2023.01.10"]
[EventType "swiss (blitz)"]
[EventRounds "11"]
[EventCountry "USA"]
[SourceTitle "EXT 2024"]
[Source "ChessBase"]
[SourceDate "2023.10.10"]
[SourceVersion "1"]
[SourceVersionDate "2023.10.10"]
[SourceQuality "1"]

1. e4 c5 2. Nf3 d6 3. d4 cxd4 4. Nxd4 Nf6 5. Nc3 Nc6 6. Bg5 e6 7. f3 a6 8. Qd2 Be7 9. 0-0-0 Bd7 10. h4 h6 11. Be3 h5 12. Bg5 Qc7 13. Kb1 Ne5 14. f4 Neg4 15. Rh3 b5 16. f5 b4 17. fxe6 fxe6 18. Bxf6 Nxf6 19. Nce2 Nxe4 20. Qe3 d5 21. Nf4 Qd6 22. Bd3 0-0 23. Nxh5 e5 24. Bxe4 Bxh3 25. Qxh3 dxe4 26. Qg4 Qh6 27. Nf5 Rxf5 28. Qxf5 Rf8 29. Qxe5 Bxh4 30. Qd5+ Kh8 31. Rh1 e3 32. g3 e2 33. gxh4 Rf1+ 34. Rxf1 exf1Q+ 0-1

[Event "Titled Tuesday intern op 15th Nov Late"]
[Site "Chess.com INT"]
[Date "2022.11.15"]
[Round "10"]
[White "Harshal, Shahi"]
[Black "Bazzano, Sebastian"]
[Result "0-1"]
[WhiteElo "2146"]
[BlackElo "2280"]
[PlyCount "56"]
[EventDate "2022.11.15"]
[EventType "swiss (blitz)"]
[EventRounds "11"]
[EventCountry "USA"]
[SourceTitle "CBM 211 Extra"]
[Source "ChessBase"]
[SourceDate "2023.01.31"]
[SourceVersion "1"]
[SourceVersionDate "2023.01.31"]
[SourceQuality "1"]

1. e4 e6 2. d4 d5 3. Nd2 dxe4 4. Nxe4 Bd7 5. Nf3 Bc6 6. Bd3 Bxe4 7. Bxe4 c6 8. 0-0 Nf6 9. Bd3 Bd6 10. c3 Nbd7 11. Bg5 0-0 12. Bc2 Qc7 13. h3 Rfe8 14. Nd2 Bf4 15. Bxf4 Qxf4 16. Nf3 Rad8 17. g3 Qc7 18. Re1 e5 19. Qd2 exd4 20. Rxe8+ Rxe8 21. Nxd4 Ne5 22. f4 Nc4 23. Qf2 Nxb2 24. g4 Nc4 25. f5 h6 26. Re1 Rxe1+ 27. Qxe1 Qf4 28. Bd3 Ne5 0-1

[Event "Raipur Chhattisgarh"]
[Site "Raipur"]
[Date "2022.09.22"]
[Round "4"]
[White "Harshal, Shahi"]
[Black "Priyankara, Chamil Y"]
[Result "0-1"]
[WhiteElo "2136"]
[BlackElo "1874"]
[PlyCount "38"]
[EventDate "2022.09.19"]
[EventType "swiss"]
[EventRounds "10"]
[EventCountry "IND"]
[SourceTitle "CBM 210 Extra"]
[Source "ChessBase"]
[SourceDate "2022.11.30"]
[SourceVersion "1"]
[SourceVersionDate "2022.11.30"]
[SourceQuality "1"]

1. e4 d6 2. d4 Nf6 3. Nc3 Nbd7 4. f4 e5 5. Nf3 exd4 6. Qxd4 c6 7. Bc4 d5 8. exd5 Bc5 9. Qd3 0-0 10. dxc6 bxc6 11. Bd2 Re8+ 12. Ne2 Ne4 13. Rf1 Nd6 14. 0-0-0 Nb6 15. Ba5 Qe7 16. Ne5 Nbxc4 17. Nxc4 Ba6 18. b3 Nxc4 19. bxc4 Qxe2 0-1

[Event "Raipur Chhattisgarh"]
[Site "Raipur"]
[Date "2022.09.19"]
[Round "1"]
[White "Neelash, Saha"]
[Black "Harshal, Shahi"]
[Result "1-0"]
[WhiteElo "2454"]
[BlackElo "2136"]
[PlyCount "69"]
[EventDate "2022.09.19"]
[EventType "swiss"]
[EventRounds "10"]
[EventCountry "IND"]
[SourceTitle "CBM 210 Extra"]
[Source "ChessBase"]
[SourceDate "2022.11.30"]
[SourceVersion "1"]
[SourceVersionDate "2022.11.30"]
[SourceQuality "1"]

1. d4 Nf6 2. c4 e6 3. g3 d5 4. Nf3 Bb4+ 5. Bd2 Be7 6. Bg2 0-0 7. 0-0 c6 8. Qc2 b6 9. Rd1 Bb7 10. a4 Nbd7 11. a5 Ba6 12. b3 Ne4 13. Be1 f5 14. e3 Bd6 15. Bf1 b5 16. cxd5 cxd5 17. Qc6 Qc8 18. Bxb5 Bxb5 19. Qxb5 Rb8 20. Qd3 Qb7 21. Nfd2 Ndf6 22. f3 Nxd2 23. Nxd2 Bb4 24. Nf1 Bxe1 25. Rxe1 Qxb3 26. Qa6 Rfe8 27. Qxa7 Rb7 28. Qc5 Ra8 29. a6 Rb6 30. a7 Kf7 31. Nd2 Qb4 32. Qc7+ Kg6 33. Rab1 Qxd2 34. Qxb6 Rc8 35. Rbd1 1-0

[Event "Titled Tuesday intern op 13th Sep Early"]
[Site "Chess.com INT"]
[Date "2022.09.13"]
[Round "5"]
[White "Harshal, Shahi"]
[Black "Ginzburg, Yakov"]
[Result "0-1"]
[WhiteElo "2136"]
[BlackElo "2405"]
[PlyCount "124"]
[EventDate "2022.09.13"]
[EventType "swiss (blitz)"]
[EventRounds "11"]
[EventCountry "USA"]
[SourceTitle "EXT 2023"]
[Source "ChessBase"]
[SourceDate "2022.10.05"]
[SourceVersion "1"]
[SourceVersionDate "2022.10.05"]
[SourceQuality "1"]

1. e4 c5 2. Nf3 e6 3. d4 cxd4 4. Nxd4 Nf6 5. Bd3 Nc6 6. Be3 d5 7. Nxc6 bxc6 8. e5 Nd7 9. f4 Ba6 10. 0-0 Bxd3 11. Qxd3 Bc5 12. Kh1 0-0 13. Nc3 Bxe3 14. Qxe3 Qb6 15. Qd3 Nc5 16. Qd4 Rab8 17. b3 Qb4 18. Rfd1 a5 19. a3 Qxd4 20. Rxd4 Nd7 21. Rd2 g6 22. g3 c5 23. a4 Rfc8 24. Nb5 Rc6 25. c4 d4 26. Rf1 f6 27. exf6 Nxf6 28. Re1 Kf7 29. h3 h5 30. Kg2 Re8 31. Re5 Nd7 32. Re4 e5 33. Rde2 d3 34. Rd2 exf4 35. Rxf4+ Nf6 36. Rxd3 Re2+ 37. Kf1 Rh2 38. Rd7+ Ke6 39. Rg7 Rxh3 40. Nc7+ Ke5 41. Re7+ Kd6 42. Rxf6+ Kxe7 43. Rxc6 Rxg3 44. Rxc5 Kd6 45. Na6 Rxb3 46. Rxa5 Rf3+ 47. Kg2 Ra3 48. Rd5+ Ke6 49. a5 h4 50. Nc5+ Ke7 51. Ne4 h3+ 52. Kh2 Re3 53. Ng5 Rc3 54. Nxh3 Rxc4 55. Ng5 Ra4 56. Kg3 Kf6 57. Kf3 Ke7 58. Ne4 Ra3+ 59. Kf4 Ra4 60. Rg5 Kd7 61. Kf3 Kc7 62. Kf4 Ra3 0-1

[Event "Titled Tuesday intern op 16th Aug Late"]
[Site "Chess.com INT"]
[Date "2022.08.16"]
[Round "6"]
[White "Pires, Marcos Vinicius Tor"]
[Black "Harshal, Shahi"]
[Result "1-0"]
[WhiteElo "2262"]
[BlackElo "2136"]
[PlyCount "59"]
[EventDate "2022.08.16"]
[EventType "swiss (blitz)"]
[EventRounds "11"]
[EventCountry "USA"]
[SourceTitle "EXT 2023"]
[Source "ChessBase"]
[SourceDate "2022.10.05"]
[SourceVersion "1"]
[SourceVersionDate "2022.10.05"]
[SourceQuality "1"]

1. e4 c5 2. c3 g6 3. d4 cxd4 4. cxd4 Bg7 5. Nc3 d6 6. h3 Nf6 7. Nf3 0-0 8. Be2 Nc6 9. 0-0 e5 10. d5 Ne7 11. Be3 h6 12. Nd2 Kh7 13. Nc4 a6 14. Nb6 Nd7 15. Nxa8 b5 16. Rc1 Bb7 17. Nc7 Qxc7 18. Nxb5 Qb8 19. Na3 f5 20. f3 g5 21. exf5 Nxf5 22. Bd3 Kh8 23. Bxf5 Rxf5 24. Qd3 Rf8 25. Nc4 Nf6 26. Nb6 Nh5 27. Nd7 Qd8 28. Nxf8 Qxf8 29. Rc7 Qa8 30. Qg6 1-0

[Event "Titled Tuesday intern op 06th Oct"]
[Site "Chess.com INT"]
[Date "2020.10.06"]
[Round "3"]
[White "Tomb, Maroun"]
[Black "Harshal, Shahi"]
[Result "1-0"]
[WhiteElo "2084"]
[BlackElo "2136"]
[PlyCount "63"]
[EventDate "2020.10.06"]
[EventType "swiss (blitz)"]
[EventRounds "10"]
[EventCountry "USA"]
[SourceTitle "CBM 198 Extra"]
[Source "ChessBase"]
[SourceDate "2020.11.30"]
[SourceVersion "1"]
[SourceVersionDate "2020.11.30"]
[SourceQuality "1"]

1. e4 c5 2. Ne2 Nc6 3. Nbc3 e6 4. g3 g6 5. d4 cxd4 6. Nxd4 d5 7. exd5 exd5 8. Bg2 Nge7 9. 0-0 Bg7 10. Be3 0-0 11. Re1 h6 12. Qd2 Kh7 13. Rad1 f5 14. Nde2 Be6 15. Nf4 Bf7 16. Ncxd5 Nxd5 17. Nxd5 Ne5 18. b3 Rb8 19. Bf4 Re8 20. h4 Rc8 21. c4 Nc6 22. h5 g5 23. Be3 Bxh5 24. Qc2 Ne5 25. Qxf5+ Bg6 26. Qh3 Qa5 27. Ne7 Rxe7 28. Qxc8 Qxa2 29. Qc5 Rf7 30. Qxa7 Ng4 31. Qxa2 Nxe3 32. Rxe3 1-0

[Event "Western Asia-ch U20"]
[Site "Delhi"]
[Date "2019.09.07"]
[Round "3"]
[White "Harshal, Shahi"]
[Black "Abdisalimov, Abdimalik"]
[Result "0-1"]
[WhiteElo "2114"]
[BlackElo "2409"]
[PlyCount "88"]
[EventDate "2019.09.06"]
[EventType "swiss"]
[EventRounds "9"]
[EventCountry "IND"]
[SourceTitle "CBM 192 Extra"]
[Source "Chessbase"]
[SourceDate "2019.11.06"]
[SourceVersion "1"]
[SourceVersionDate "2019.11.06"]
[SourceQuality "1"]

1. e4 c5 2. Nf3 d6 3. d4 cxd4 4. Nxd4 Nf6 5. Nc3 a6 6. Be3 e6 7. Be2 Nbd7 8. f4 Qc7 9. a4 b6 10. Bf3 Bb7 11. Qe2 e5 12. Nb3 Be7 13. f5 Rc8 14. 0-0 0-0 15. Rad1 Qb8 16. Ra1 Qc7 17. Rad1 Qb8 18. Bf2 Rc7 19. g4 h6 20. h4 Nh7 21. Kg2 Rfc8 22. Rd2 Rc4 23. Rd3 Ndf6 24. Rh1 Rb4 25. Re1 Bc6 26. Ra1 Qb7 27. Nd2 Rd8 28. b3 d5 29. Re1 dxe4 30. Rxd8+ Bxd8 31. Ncxe4 Nxe4 32. Nxe4 Nf6 33. c4 Rxb3 34. Qd1 Rxf3 35. Qxd8+ Kh7 36. Kxf3 Bxe4+ 37. Kg3 Bh1 38. Rg1 Qe4 39. Qd1 Qf4+ 40. Kh3 Bf3 41. Qc1 Bxg4+ 42. Kg2 Qf3+ 43. Kf1 Qe2+ 44. Kg2 Bf3+ 0-1

[Event "Goa op 2nd"]
[Site "Taleigao"]
[Date "2019.06.18"]
[Round "1"]
[White "Mchedlishvili, Mikheil"]
[Black "Harshal, Shahi"]
[Result "1-0"]
[WhiteElo "2609"]
[BlackElo "2161"]
[PlyCount "63"]
[EventDate "2019.06.18"]
[EventType "swiss"]
[EventRounds "10"]
[EventCountry "IND"]
[SourceTitle "CBM 191 Extra"]
[Source "ChessBase"]
[SourceDate "2019.09.30"]
[SourceVersion "1"]
[SourceVersionDate "2019.09.30"]
[SourceQuality "1"]

1. c4 c6 2. Nf3 Nf6 3. Nc3 d5 4. e3 e6 5. b3 Nbd7 6. Qc2 Bd6 7. Bb2 0-0 8. Be2 b6 9. Rg1 Bb7 10. g4 c5 11. h4 Ne5 12. g5 Nfd7 13. Nxe5 Nxe5 14. f4 Nc6 15. a3 d4 16. Ne4 Be7 17. Bd3 Kh8 18. Nf2 f5 19. gxf6 gxf6 20. Bxh7 f5 21. Bg6 Bxh4 22. d3 Qf6 23. Qe2 Kg7 24. 0-0-0 Rg8 25. Bxf5+ Kf8 26. Rxg8+ Kxg8 27. Rg1+ Kf8 28. Be4 Bxf2 29. Qxf2 Rd8 30. Qg2 Rc8 31. Qg8+ Ke7 32. Qh7+ 1-0

[Event "Lisbon Portugal op"]
[Site "Lisbon"]
[Date "2019.02.09"]
[Round "9"]
[White "Li, Yunshan"]
[Black "Harshal, Shahi"]
[Result "1-0"]
[WhiteElo "2196"]
[BlackElo "2064"]
[PlyCount "65"]
[EventDate "2019.02.02"]
[EventType "swiss"]
[EventRounds "9"]
[EventCountry "POR"]
[SourceTitle "CBM 188 Extra"]
[Source "ChessBase"]
[SourceDate "2019.02.26"]
[SourceVersion "1"]
[SourceVersionDate "2019.02.26"]
[SourceQuality "1"]

1. d4 Nf6 2. c4 g6 3. Nc3 Bg7 4. e4 d6 5. Nf3 0-0 6. Be2 e5 7. dxe5 dxe5 8. Qxd8 Rxd8 9. Bg5 Na6 10. Nd5 Nxd5 11. cxd5 f6 12. Be3 f5 13. Bc4 h6 14. Rc1 Rd7 15. d6+ Kh8 16. Bxa6 bxa6 17. dxc7 Bb7 18. Bxa7 Rc8 19. Bb8 Bxe4 20. Nd2 Bd3 21. Nb3 e4 22. Nc5 Re7 23. Nxd3 exd3+ 24. Kd2 Bxb2 25. Rc4 g5 26. Kxd3 Be5 27. Rhc1 Bf4 28. R1c2 Bxh2 29. g3 f4 30. Rd4 Ree8 31. Re2 Rf8 32. g4 Bg1 33. Re7 1-0

[Event "Lisbon Portugal op"]
[Site "Lisbon"]
[Date "2019.02.07"]
[Round "7"]
[White "Corbalan Gomez, Juan Jose"]
[Black "Harshal, Shahi"]
[Result "1/2-1/2"]
[WhiteElo "2235"]
[BlackElo "2064"]
[PlyCount "35"]
[EventDate "2019.02.02"]
[EventType "swiss"]
[EventRounds "9"]
[EventCountry "POR"]
[SourceTitle "CBM 188 Extra"]
[Source "ChessBase"]
[SourceDate "2019.02.26"]
[SourceVersion "1"]
[SourceVersionDate "2019.02.26"]
[SourceQuality "1"]

1. d4 d5 2. Nf3 Nf6 3. c4 c6 4. e3 e6 5. Nc3 Nbd7 6. Bd3 dxc4 7. Bxc4 b5 8. Bd3 Bd6 9. 0-0 0-0 10. Qe2 a6 11. Rd1 Qc7 12. Ne4 Nxe4 13. Bxe4 Bb7 14. Bd2 Nf6 15. Bd3 c5 16. dxc5 Bxf3 17. Qxf3 Bxh2+ 18. Kh1 1/2-1/2

[Event "Lisbon Portugal op"]
[Site "Lisbon"]
[Date "2019.02.03"]
[Round "3"]
[White "Aguera Naredo, Javier"]
[Black "Harshal, Shahi"]
[Result "1-0"]
[WhiteElo "2346"]
[BlackElo "2064"]
[PlyCount "97"]
[EventDate "2019.02.02"]
[EventType "swiss"]
[EventRounds "9"]
[EventCountry "POR"]
[SourceTitle "CBM 188 Extra"]
[Source "ChessBase"]
[SourceDate "2019.02.26"]
[SourceVersion "1"]
[SourceVersionDate "2019.02.26"]
[SourceQuality "1"]

1. e4 c5 2. Nf3 Nc6 3. d4 cxd4 4. Nxd4 e6 5. Nc3 Qc7 6. g3 Nf6 7. Ndb5 Qb8 8. Bf4 e5 9. Bg5 a6 10. Bxf6 axb5 11. Bg5 b4 12. Nd5 Bc5 13. Bc4 b5 14. Bxb5 h6 15. Be3 Bxe3 16. fxe3 0-0 17. Qe2 Kh7 18. 0-0 Ra5 19. Bc4 Qa7 20. c3 bxc3 21. Nxc3 Ba6 22. Bxa6 Rxa6 23. Rad1 Rb6 24. b3 f6 25. Nb5 Qa6 26. Rxd7 Qxb5 27. Qg4 Rg8 28. Rxf6 Ne7 29. Rxb6 Qxb6 30. Rxe7 Qxe3+ 31. Kg2 Qd2+ 32. Kh3 Qxa2 33. Qf5+ Kh8 34. Rxe5 Qxb3 35. Re7 Qb8 36. e5 Re8 37. Rf7 Kg8 38. e6 Qc8 39. Rd7 Kh8 40. Qg6 Rg8 41. Rf7 Qc6 42. Qf5 Qc3 43. e7 Qe3 44. Qd7 Qe5 45. Rf5 Qe2 46. Qd6 g6 47. Qf6+ Kh7 48. Re5 Qc4 49. e8Q 1-0

[Event "Nova Gorica op 24th"]
[Site "Nova Gorica"]
[Date "2019.01.31"]
[Round "9"]
[White "Agdelen, Huseyin Can"]
[Black "Harshal, Shahi"]
[Result "1/2-1/2"]
[WhiteElo "2275"]
[BlackElo "2066"]
[PlyCount "39"]
[EventDate "2019.01.25"]
[EventType "swiss"]
[EventRounds "9"]
[EventCountry "SLO"]
[SourceTitle "CBM 188 Extra"]
[Source "ChessBase"]
[SourceDate "2019.02.26"]
[SourceVersion "1"]
[SourceVersionDate "2019.02.26"]
[SourceQuality "1"]

1. e4 c5 2. Nf3 Nc6 3. Nc3 g6 4. d4 cxd4 5. Nxd4 Bg7 6. Be3 Nf6 7. Bc4 0-0 8. Bb3 d6 9. f3 Bd7 10. Qd2 Rc8 11. 0-0-0 Nxd4 12. Bxd4 b5 13. Nd5 Nxd5 14. Bxg7 Kxg7 15. exd5 a5 16. a3 b4 17. axb4 axb4 18. Qd4+ Kg8 19. h4 Qa5 20. g4 1/2-1/2

[Event "Nova Gorica op 24th"]
[Site "Nova Gorica"]
[Date "2019.01.29"]
[Round "7"]
[White "Bratkovic, Jakob"]
[Black "Harshal, Shahi"]
[Result "1-0"]
[WhiteElo "2345"]
[BlackElo "2066"]
[PlyCount "99"]
[EventDate "2019.01.25"]
[EventType "swiss"]
[EventRounds "9"]
[EventCountry "SLO"]
[SourceTitle "CBM 188 Extra"]
[Source "ChessBase"]
[SourceDate "2019.02.26"]
[SourceVersion "1"]
[SourceVersionDate "2019.02.26"]
[SourceQuality "1"]

1. e4 c5 2. Nf3 Nc6 3. d4 cxd4 4. Nxd4 e6 5. Nc3 Qc7 6. Be3 a6 7. Qd2 Nf6 8. 0-0-0 Be7 9. f3 0-0 10. g4 b5 11. g5 Nh5 12. Nce2 Bb7 13. Nxc6 Bxc6 14. Ng3 Nxg3 15. hxg3 Qxg3 16. Rh3 Qc7 17. Bf4 Qd8 18. e5 g6 19. Bd3 h5 20. gxh6 Kh7 21. Kb1 a5 22. Be3 b4 23. Rg1 Rg8 24. Qf2 a4 25. f4 b3 26. f5 exf5 27. Bxf5 Qe8 28. Bd3 bxa2+ 29. Kxa2 Bd5+ 30. Ka1 Be6 31. Rf3 Ra5 32. Rf1 Rf8 33. Bd4 Qa8 34. Qg1 Qe8 35. Bc3 Rc5 36. Bb4 Rc8 37. Qd4 Rg8 38. Bc3 Bf8 39. Qf2 a3 40. Bd4 axb2+ 41. Kxb2 Bxh6 42. Be3 Bd5 43. Rh3 Qxe5+ 44. Kc1 Qa1+ 45. Kd2 Qa5+ 46. Ke2 Rxc2+ 47. Bxc2 Qa6+ 48. Ke1 Qa1+ 49. Bd1 Qc3+ 50. Qd2 1-0